| 000 | 00674nam a2200181Ia 4500 | ||
|---|---|---|---|
| 008 | 100921s9999 xx 000 0 und d | ||
| 082 |
_b11386 _a808.068 थ 72 |
||
| 100 | _aकाळे विमल. | ||
| 245 | _aब्रह्मदेवाची फजिती. | ||
| 260 |
_bइंद्रायणी साहित्य,पुणे. _c1972 |
||
| 300 |
_a25 _b--- |
||
| 365 | _b0.8 | ||
| 520 | _aललित-बालवाङ्रमय. | ||
| 630 | _aब्रह्मदेवाची फजिती. | ||
| 650 | _aललित-बालवाङ्रमय. | ||
| 730 | _aब्रह्मदेवाची फजिती. | ||
| 942 | _cBOOK | ||
| 999 |
_c760499 _d760496 |
||